Cloning : (Record no. 2148)
[ view plain ]
| 000 -LEADER | |
|---|---|
| fixed length control field | 00655pam a2200217 i 4500 |
| 001 - CONTROL NUMBER | |
| control field | 1808243 |
| 005 - DATE AND TIME OF LATEST TRANSACTION | |
| control field | 20241213130143.0 |
| 008 - FIXED-LENGTH DATA ELEMENTS--GENERAL INFORMATION | |
| fixed length control field | 790313s1979 mnua b 001 0 eng |
| 020 ## - INTERNATIONAL STANDARD BOOK NUMBER | |
| International Standard Book Number | 0816608830 : |
| Terms of availability | $8.95 |
| 050 00 - LIBRARY OF CONGRESS CALL NUMBER | |
| Classification number | QH442.2 |
| Item number | .M32 |
| 082 00 - DEWEY DECIMAL CLASSIFICATION NUMBER | |
| Classification number | 596/.01/6 |
| 100 1# - MAIN ENTRY--PERSONAL NAME | |
| Personal name | McKinnell, Robert Gilmore. |
| 245 10 - TITLE STATEMENT | |
| Title | Cloning : |
| Remainder of title | a biologist reports / |
| Statement of responsibility, etc. | Robert Gilmore McKinnell. |
| 260 ## - PUBLICATION, DISTRIBUTION, ETC. | |
| Place of publication, distribution, etc. | Minneapolis : |
| Name of publisher, distributor, etc. | University of Minnesota Press, |
| Date of publication, distribution, etc. | c1979. |
| 300 ## - PHYSICAL DESCRIPTION | |
| Extent | viii, 130 p. : |
| Other physical details | ill. ; |
| Dimensions | 24 cm. |
| 500 ## - GENERAL NOTE | |
| General note | Includes index. |
| 650 #0 - SUBJECT ADDED ENTRY--TOPICAL TERM | |
| Topical term or geographic name entry element | Cloning. |
| 650 #0 - SUBJECT ADDED ENTRY--TOPICAL TERM | |
| Topical term or geographic name entry element | Cell nuclei |
| General subdivision | Transplantation. |
| 650 #0 - SUBJECT ADDED ENTRY--TOPICAL TERM | |
| Topical term or geographic name entry element | Embryology, Experimental. |
| 942 ## - ADDED ENTRY ELEMENTS (KOHA) | |
| Source of classification or shelving scheme | Library of Congress Classification |
| Koha item type | Books |
| Suppress in OPAC | No |
| 999 ## - | |
| -- | 2148 |
| -- | 2148 |
| Withdrawn status | Lost status | Source of classification or shelving scheme | Damaged status | Not for loan | Collection | Home library | Current library | Shelving location | Date acquired | Total checkouts | Full call number | Barcode | Date last seen | Copy number | Price effective from | Koha item type |
|---|---|---|---|---|---|---|---|---|---|---|---|---|---|---|---|---|
| Library of Congress Classification | Non-fiction | Science Library (Miotso) | Science Library (Miotso) | General stacks | 12/13/2024 | QH442.2 .M32 MCK | SLM00001324 | 12/13/2024 | 1 | 12/13/2024 | Books |